John Maynard Keynes : (Record no. 14155)

000 -LEADER
fixed length control field 00511cam a2200181 a 4500
020 ## - INTERNATIONAL STANDARD BOOK NUMBER
ISBN 033357379X (v. 1 : pbk)
020 ## - INTERNATIONAL STANDARD BOOK NUMBER
ISBN 0333115996 (v. 1) :
020 ## - INTERNATIONAL STANDARD BOOK NUMBER
ISBN 0333584996 (v. 2 : pbk)
020 ## - INTERNATIONAL STANDARD BOOK NUMBER
ISBN 0333604563 (v. 3 : cloth)
040 ## - CATALOGING SOURCE
Transcribing agency NBiSU
082 ## - DEWEY DECIMAL CLASSIFICATION NUMBER
Classification number 330 MAC 1983 A066 Or.
100 1# - MAIN ENTRY--AUTHOR NAME
Personal name Skidelsky, Robert Jacob Alexander,
245 10 - TITLE STATEMENT
Title John Maynard Keynes :
Remainder of title a biography /
260 ## - PUBLICATION, DISTRIBUTION, ETC. (IMPRINT)
Place of publication London :
Name of publisher Macmillan,
Year of publication 1983-1992.
300 ## - PHYSICAL DESCRIPTION
Number of Pages 3 v. :
Other physical details ill. ;
Dimensions 24 cm.
650 #0 - SUBJECT ADDED ENTRY--TOPICAL TERM
Topical Term Economists
942 ## - ADDED ENTRY ELEMENTS (KOHA)
Koha item type សៀវភៅភាសាអង់គ្លេស
952 ## - LOCATION AND ITEM INFORMATION (KOHA)
Withdrawn status [LOCAL, KOHA] 0
Holdings
Permanent Location Date acquired Koha item type Lost status Shelving location Barcode Current Location Full call number
Library Block A2017-10-07សៀវភៅភាសាអង់គ្លេស A066A13970Library Block A330 MAC 1983 A066 Or.
មជ្ឈមណ្ឌលឯការនៃសាកលវិទ្យាល័យភូមិន្ទកសិកម្មចំការដូង

Powered by Koha